[Event "Online Olym Div3 B"]
[Site "Chess.com INT"]
[Date "2021.08.29"]
[Round "7.2"]
[White "Guidara, Rawia"]
[Black "Tekulu, Masho Beyene"]
[Result "1-0"]
[WhiteElo "1360"]
[BlackElo "1403"]
[PlyCount "43"]
[EventDate "2021.08.27"]
[EventType "team-tourn (rapid)"]
[EventRounds "9"]
[EventCountry "USA"]
[SourceTitle "CBM 204 Extra"]
[Source "ChessBase"]
[SourceDate "2021.11.30"]
[SourceVersion "1"]
[SourceVersionDate "2021.11.30"]
[SourceQuality "1"]
[WhiteTeam "Tunisia"]
[BlackTeam "Ethiopia"]
[WhiteTeamCountry "TUN"]
[BlackTeamCountry "ETH"]

1. e4 c5 2. Nf3 Nc6 3. d4 cxd4 4. Nxd4 d6 5. Nc3 g6 6. Be3 Bg7 7. Qd2 Nf6 8. f3 a6 9. Be2 e5 10. Nxc6 bxc6 11. Rd1 Bf8 12. f4 Bb7 13. fxe5 dxe5 14. Qxd8+ Rxd8 15. Rxd8+ Kxd8 16. 0-0 Be7 17. Bc4 Ke8 18. Bg5 Bc5+ 19. Kh1 Ng4 20. Bxf7+ Kd7 21. h3 Nf2+ 22. Kh2 1-0

[Event "Bouhjar BICA Blitz op 04"]
[Site "Bouhjar"]
[Date "2021.04.04"]
[Round "2"]
[White "Mabrouk, Fathi Ben Salah"]
[Black "Guidara, Rawia"]
[Result "1-0"]
[WhiteElo "2086"]
[BlackElo "1360"]
[PlyCount "69"]
[EventDate "2021.04.04"]
[EventType "swiss (blitz)"]
[EventRounds "9"]
[EventCountry "TUN"]
[SourceTitle "CBM 201 Extra"]
[Source "ChessBase"]
[SourceDate "2021.05.31"]
[SourceVersion "1"]
[SourceVersionDate "2021.05.31"]
[SourceQuality "1"]

1. e4 e5 2. Nf3 d6 3. d4 exd4 4. Nxd4 Nf6 5. Nc3 Be7 6. Bc4 0-0 7. 0-0 c6 8. Bb3 b5 9. Re1 a6 10. a4 b4 11. Nb1 c5 12. Nf3 Bb7 13. Qd3 Qc7 14. Bf4 Nh5 15. Bg3 Nxg3 16. hxg3 Bf6 17. c3 bxc3 18. Nxc3 Bxc3 19. bxc3 Nc6 20. Rad1 Rad8 21. Nh4 Ne5 22. Qd2 Ng6 23. Nf5 Rfe8 24. f3 c4 25. Bc2 Re6 26. Qd4 f6 27. Rb1 Ne7 28. Ne3 Nc6 29. Qd2 Ne5 30. Rb2 Rd7 31. Reb1 Bc6 32. Nd5 Bxd5 33. Qxd5 Rde7 34. Rb7 Qd8 35. Rb8 1-0

[Event "Online Olym Div3 D"]
[Site "Chess.com INT"]
[Date "2020.08.08"]
[Round "4.1"]
[White "Richie Guillen, Ciara Bernadette"]
[Black "Guidara, Rawia"]
[Result "0-1"]
[WhiteElo "1417"]
[BlackElo "1287"]
[PlyCount "138"]
[EventDate "2020.08.07"]
[EventType "team-tourn (rapid)"]
[EventRounds "9"]
[EventCountry "USA"]
[SourceTitle "CBM 198"]
[Source "ChessBase"]
[SourceDate "2020.10.31"]
[SourceVersion "1"]
[SourceVersionDate "2020.10.31"]
[SourceQuality "1"]
[WhiteTeam "Puerto Rico"]
[BlackTeam "Tunisia"]
[WhiteTeamCountry "PUR"]
[BlackTeamCountry "TUN"]

1. d4 Nf6 2. c4 g6 3. Nc3 Bg7 4. e4 d6 5. Nf3 Nbd7 6. Be2 0-0 7. 0-0 e5 8. d5 Nc5 9. Bg5 h6 10. Bxf6 Qxf6 11. b3 Qe7 12. Qd2 f5 13. Qc2 f4 14. b4 Nd7 15. Nb5 Nf6 16. c5 dxc5 17. bxc5 Ne8 18. Rac1 a6 19. Na3 g5 20. Qb3 Kh7 21. h3 h5 22. Rfd1 g4 23. Nh2 gxh3 24. Bxh5 hxg2 25. Ng4 Qh4 26. Kxg2 Qg5 27. Rh1 f3+ 28. Kg3 Qf4+ 29. Kh3 Kg8 30. Rcg1 Bxg4+ 31. Rxg4 Qh6 32. d6+ Kh7 33. Rh4 cxd6 34. Bxe8 Qxh4+ 35. Kxh4 Raxe8 36. Kg4+ Kg6 37. Qd1 Rf4+ 38. Kg3 dxc5 39. Qd6+ Kf7 40. Qd7+ Kf8 41. Rh7 Rf7 42. Qd6+ Ree7 43. Qd8+ Re8 44. Qh4 Kg8 45. Rxg7+ Rxg7+ 46. Kh3 Rh7 47. Qxh7+ Kxh7 48. Nc4 b5 49. Na5 c4 50. Kh2 c3 51. Nb3 c2 52. Kg1 Rc8 53. Kh2 c1Q 54. Nxc1 Rxc1 55. Kh3 Ra1 56. Kg4 Rxa2 57. Kf5 b4 58. Kxe5 b3 59. Kd4 b2 60. e5 b1Q 61. e6 Qd1+ 62. Ke5 Re2+ 63. Kf6 Qd4+ 64. Kf7 Qg7+ 65. Ke8 Rxe6+ 66. Kd8 Qd4+ 67. Kc8 Rc6+ 68. Kb8 Qb6+ 69. Ka8 Rc8# 0-1

[Event "TUN-ch (Women)"]
[Site "Hammamet"]
[Date "2018.02.18"]
[Round "4"]
[White "Guidara, Rawia"]
[Black "Lachheb, Sondes"]
[Result "1-0"]
[WhiteElo "1510"]
[BlackElo "1160"]
[PlyCount "29"]
[EventDate "2018.02.16"]
[EventType "swiss"]
[EventRounds "9"]
[EventCountry "TUN"]
[SourceTitle "CBM 183 Extra"]
[Source "ChessBase"]
[SourceDate "2018.04.19"]
[SourceVersion "1"]
[SourceVersionDate "2018.04.19"]
[SourceQuality "1"]

1. e4 e5 2. Nf3 Nc6 3. d4 exd4 4. Bc4 Qe7 5. 0-0 Nf6 6. e5 Nxe5 7. Nxe5 Qxe5 8. Re1 Ne4 9. f3 Bd6 10. Rxe4 Qxe4 11. fxe4 0-0 12. Qg4 g6 13. Bh6 Re8 14. Qf3 Re7 15. Qf6 1-0